Pastor to pastor : (Record no. 8835)

MARC details
000 -LEADER
fixed length control field 00988cam a2200301 a 4500
001 - CONTROL NUMBER
control field 3545012
003 - CONTROL NUMBER IDENTIFIER
control field GBCCL
005 - DATE AND TIME OF LATEST TRANSACTION
control field 20241126110659.0
008 - FIXED-LENGTH DATA ELEMENTS--GENERAL INFORMATION
fixed length control field 971006s1998 miu b 000 0 eng
010 ## -
-- 97041096
020 ## - INTERNATIONAL STANDARD BOOK NUMBER
International Standard Book Number 9780825429477
020 ## - INTERNATIONAL STANDARD BOOK NUMBER
International Standard Book Number 0825431646 (pbk.)
040 ## - CATALOGING SOURCE
Original cataloging agency DLC
Transcribing agency DLC
Modifying agency DLC
050 00 -
-- BV660.2
-- .L86 1998
082 00 - DEWEY DECIMAL CLASSIFICATION NUMBER
Classification number 253
Edition information 21
Item number LUT
100 1# - MAIN ENTRY--PERSONAL NAME
Personal name Lutzer, Erwin W.
9 (RLIN) 214
245 10 - TITLE STATEMENT
Title Pastor to pastor :
Remainder of title tackling the problems of ministry /
Statement of responsibility, etc. Erwin Lutzer.
250 ## - EDITION STATEMENT
Edition statement Rev. and expanded.
260 ## - PUBLICATION, DISTRIBUTION, ETC.
Place of publication, distribution, etc. Grand Rapids, MI :
Name of publisher, distributor, etc. Kregel Publications,
Date of publication, distribution, etc. c1998.
300 ## - PHYSICAL DESCRIPTION
Extent 126 p. ;
Dimensions 22 cm.
504 ## - BIBLIOGRAPHY, ETC. NOTE
Bibliography, etc. note Includes bibliographical references (p. 125-126).
650 #0 - SUBJECT ADDED ENTRY--TOPICAL TERM
Topical term or geographic name entry element Clergy
General subdivision Office.
9 (RLIN) 299
650 #0 - SUBJECT ADDED ENTRY--TOPICAL TERM
Topical term or geographic name entry element Pastoral theology.
9 (RLIN) 414
906 ## - LOCAL DATA ELEMENT F, LDF (RLIN)
a 7
b cbc
c orignew
d 1
e ocip
f 19
g y-gencatlg
942 ## - ADDED ENTRY ELEMENTS (KOHA)
Source of classification or shelving scheme Dewey Decimal Classification
Koha item type Books
Koha issues (borrowed), all copies 1
Holdings
Withdrawn status Lost status Source of classification or shelving scheme Damaged status Not for loan Home library Current Library Shelving location Date acquired Total checkouts Full call number Barcode Date last seen Date last checked out Copy number Price effective from Koha item type
    Dewey Decimal Classification     GRACE BIBLE COLLEGE GRACE BIBLE COLLEGE Ministry & Mission 2021-11-15 1 253 LUT 015315 2025-05-01 2022-08-22 c.1 2021-11-15 Books
    Dewey Decimal Classification     GRACE BIBLE COLLEGE GRACE BIBLE COLLEGE Ministry & Mission 2024-01-15   253 LUT 016441 2025-05-01   c.2 2024-01-15 Books
© Grace Bible College Library 2025